Christ in the home. (Record no. 13245)

000 -LEADER
fixed length control field 00570nam a2200193 a 4500
001 - CONTROL NUMBER
control field :::00011063$&:&@@
003 - CONTROL NUMBER IDENTIFIER
control field OkBaRHE
005 - DATE AND TIME OF LATEST TRANSACTION
control field 20000607103405.0
008 - FIXED-LENGTH DATA ELEMENTS--GENERAL INFORMATION
fixed length control field s1973 j 000 0 eng u
020 ## - INTERNATIONAL STANDARD BOOK NUMBER
International Standard Book Number 0801088119
040 ## - CATALOGING SOURCE
Transcribing agency
100 1# - MAIN ENTRY--PERSONAL NAME
Personal name Taylor, Robert R.
245 10 - TITLE STATEMENT
Title Christ in the home.
260 ## - PUBLICATION, DISTRIBUTION, ETC. (IMPRINT)
Place of publication, distribution, etc Grand Rapids, MI., :
Name of publisher, distributor, etc Baker Book House
Date of publication, distribution, etc c1973
300 ## - PHYSICAL DESCRIPTION
Extent 282 p. ;
Dimensions 22 cm.
650 ## - SUBJECT ADDED ENTRY--TOPICAL TERM
Topical term or geographic name as entry element Family
General subdivision Religious Life
942 ## - ADDED ENTRY ELEMENTS (KOHA)
Source of classification or shelving scheme
Koha item type Books
Copies
Not for loan Date acquired Shelving location Copy number Permanent Location Damaged status Price effective from Koha item type Full call number Barcode Source of classification or shelving scheme Date last seen Withdrawn status Lost status
 2010-04-14General Stacks1RHEMA Bible Training College 2010-04-14BooksBV 4526.2 .T3811063 2010-04-14